| 000 | 005200000a22001810004500 | ||
|---|---|---|---|
| 003 | LK-CoMWRAF | ||
| 005 | 20230928050810.0 | ||
| 008 | 230817t ||||| |||| 00| 0 eng d | ||
| 020 | _a1902727223 | ||
| 040 |
_aLK-CoMWRAF _dLK-CoMWRAF _eLK-CoMWRAF |
||
| 041 | _aeng | ||
| 082 |
_a297.6 _bBUK |
||
| 245 |
_aThe 'Aqeedah of Imaam Al-Bukhari : _bHis life : His creed : His teachers : His methodology |
||
| 260 |
_aBirminngham : _bSalafi publications _c2004 |
||
| 300 | _a147p | ||
| 650 | _aIslam--al-Bukhari | ||
| 942 | _cBK | ||
| 999 |
_c1051 _d1051 |
||